| 000 | 00783cam a22002653 4500 | ||
|---|---|---|---|
| 999 |
_c23481 _d23481 |
||
| 001 | 14822102 | ||
| 003 | BDDh-ASL | ||
| 005 | 20231015030239.0 | ||
| 008 | 070425s1950 enkab b 000 0 eng | ||
| 010 | _a 50007542 | ||
| 040 |
_aDLC _cDLC _dBDDh-ASL |
||
| 050 | 0 | 0 |
_aG70 _b.M6 |
| 082 | 0 | 4 |
_a910 _218 _bMOS |
| 100 | 1 | _aMogey, John M. | |
| 245 | 1 | 4 | _aThe study of geography / |
| 260 |
_aLondon: _aNew York: _bOxford University Press, _c1950. |
||
| 300 |
_a164 p. : _billus., maps. _c17 cm. |
||
| 440 | 0 |
_aHome university library of modern knowledge, _v214 |
|
| 504 | _aBibliography: p. [156]-159. | ||
| 650 | 0 | _aGeography. | |
| 906 |
_a0 _bcbc _cpremver _du _encip _f19 _gy-gencatlg |
||
| 942 |
_2ddc _cBK |
||